000 00823nmc a2200265 a 4500
003 AR-BaBNM
005 20251128204627.0
008 011101s1992 ||||||||||||||000 | spa||
020 _a950-21-1038-2
040 _cAR-BaBNM
100 1 _aAgudo de Córsico, María Celia
245 1 0 _aLas dificultades ortográficas
_bsu diagnóstico y tratamiento
260 _aBuenos Aires
_bPlus Ultra
_c1992
300 0 _a123 p.
490 0 _aDidáctica del lenguaje y la comunicación. Estudio sistemático de la lengua
_vv. 13
500 0 _aContiene tratamiento sugerido de los distintos casos
650 4 _aORTOGRAFIA
650 4 _aTRASTORNOS DEL HABLA
650 4 _aETIMOLOGIA
650 4 _aENSENANZA DE LA ORTOGRAFIA
653 0 _aENSENANZA DE LA LENGUA
700 1 _aMoraschi, Marta
942 _cBK
998 _claura
999 _c8137
_d8137